El orden del discurso

Gespeichert in:
Bibliographische Detailangaben
1. Verfasser: Foucault, Michel (VerfasserIn)
Format: Buch
Sprache:Spanisch
Veröffentlicht: Barcelona Tusquets 1999
Schriftenreihe:Fábula, 126
Schlagworte:
Tags: Tag hinzufügen
Keine Tags, Fügen Sie den ersten Tag hinzu!

MARC

LEADER 00000nam a2200000 a 4500
001 UCN6075
003 CL-VaPUC
008 010913e19990000SP |||||||||||||||||spa|d
020 |a 848310654X 
082 0 4 |a 401  |b FOU  |2 21 
100 |a Foucault, Michel  |e author  |9 257945 
245 1 3 |a El orden del discurso 
300 |a 76 p 
942 |c BK 
945 |d 20010913 00:00:00  |a crobeson 
260 |a Barcelona  |b Tusquets  |c 1999 
650 0 |a Filosofía del lenguaje  |9 257082 
650 0 |a Retórica   |9 266620 
650 0 |a Razonamiento  |9 256520 
650 0 |a Lenguaje   |9 265069 
583 |a last modification  |c 20010913 00:00:00  |k Rodrigo Vera 
490 0 |a Fábula, 126 
999 |c 297159  |d 297157 
952 |0 0  |1 0  |4 0  |6 401_000000000000000_FOU_1999  |7 0  |8 A  |9 351642  |a FDOPOS  |b BIBEDU  |d 2019-11-21  |i 3731855  |l 3  |m 1  |o 401 FOU 1999  |p 3731855  |r 2025-01-22  |s 2024-09-06  |w 2019-11-21  |y BK  |k MLA 
952 |0 0  |1 0  |4 0  |6 401_000000000000000_FOU_1999  |7 0  |8 A  |9 351643  |a BIBARQ  |b BIBARQ  |d 2019-11-21  |i 3966747  |o 401 FOU 1999  |p 3966747  |r 2025-01-20  |w 2019-11-21  |y BK  |k ARQ